[Event "29th Czech Open A 2018"]
[Site "Pardubice CZE"]
[Date "2018.07.23"]
[Round "4.83"]
[White "Bartos, Jan"]
[Black "Nyysti, Sampsa"]
[Result "1/2-1/2"]
[WhiteTitle "FM"]
[BlackTitle "IM"]
[WhiteElo "2153"]
[BlackElo "2314"]
[WhiteFideId "315060"]
[BlackFideId "502138"]
[EventDate "2018.07.20"]

1. Nf3 Nf6 2. c4 b6 3. g3 c5 4. Bg2 Bb7 5. O-O e6 6. Nc3 d6 7. d4 cxd4 8. Qxd4
Be7 9. Rd1 O-O 10. Bg5 h6 11. Bxf6 Bxf6 12. Qxd6 Qxd6 13. Rxd6 Na6 14. Rc1 Rfd8
15. Rxd8+ Rxd8 16. Rd1 Rc8 17. Nd4 Bxg2 18. Kxg2 Rxc4 19. Ndb5 Nc5 20. Nxa7 Bxc3
21. bxc3 Ra4 22. Nc8 Rxa2 23. Kf3 Rc2 24. Nxb6 Rxc3+ 25. Kg2 Rc2 26. Kf3 Rc3+
27. Kg2 Rc2 28. Rd8+ Kh7 29. Rc8 g5 30. g4 Kg7 31. e3 Nd3 1/2-1/2

[Event "29th Czech Open A 2018"]
[Site "Pardubice CZE"]
[Date "2018.07.23"]
[Round "4.84"]
[White "Punin, Andrii"]
[Black "Bulockin, Martin"]
[Result "1-0"]
[WhiteTitle "FM"]
[WhiteElo "2296"]
[BlackElo "2154"]
[WhiteFideId "14112639"]
[BlackFideId "371610"]
[EventDate "2018.07.20"]

1. Nf3 c5 2. c4 Nc6 3. Nc3 g6 4. e3 Bg7 5. d4 d6 6. h3 Nf6 7. d5 Nb8 8. Bd3 Nbd7
9. O-O O-O 10. e4 a6 11. a4 e6 12. a5 Qe7 13. Bd2 Nh5 14. Re1 Ne5 15. Be2 Nxf3+
16. Bxf3 Qh4 17. Bxh5 gxh5 18. Qf3 Be5 19. Bh6 Bd7 20. Bxf8 Rxf8 21. Re3 f5 22.
exf5 Rxf5 23. Qe2 Bd4 24. Rf3 Re5 25. Qd2 Rg5 26. Re1 e5 27. Re4 Bg4 28. hxg4
hxg4 29. Rh3 Qxf2+ 30. Qxf2 Bxf2+ 31. Kxf2 gxh3 32. gxh3 h5 33. Re3 h4 34. Ne4
Rg6 35. Rb3 1-0

[Event "29th Czech Open A 2018"]
[Site "Pardubice CZE"]
[Date "2018.07.23"]
[Round "4.85"]
[White "Subramanian, Aditya"]
[Black "Heinemann, Josefine"]
[Result "1/2-1/2"]
[BlackTitle "WIM"]
[WhiteElo "2124"]
[BlackElo "2294"]
[WhiteFideId "1718924"]
[BlackFideId "12900460"]
[EventDate "2018.07.20"]

1. c4 g6 2. Nc3 c5 3. g3 Bg7 4. Bg2 Nc6 5. Rb1 Nf6 6. a3 a5 7. d3 O-O 8. Bd2 d6
9. Nf3 e5 10. h4 Nh5 11. Qc1 f5 12. Bg5 Qe8 13. Nd5 Rb8 14. Nh2 Qf7 15. Qd2 Be6
16. b4 axb4 17. axb4 cxb4 18. Nxb4 Nd4 19. Nd5 Rbe8 20. O-O Kh8 21. Rb6 f4 22.
g4 h6 23. gxh5 hxg5 24. hxg5 gxh5 25. Rxd6 Qg6 26. Nc7 Qxg5 27. Nxe6 Rxe6 28.
Rxe6 Nxe6 29. Kh1 Qh4 30. Bxb7 Ng5 31. Qa5 f3 32. Bxf3 Nxf3 33. exf3 Rxf3 34.
Qa8+ Rf8 35. Qe4 Rf4 36. Qa8+ Rf8 37. Qe4 Qxe4+ 38. dxe4 Bh6 39. Ra1 Rxf2 40.
Rf1 Rc2 41. Rf5 Bf4 42. Nf3 Rxc4 43. Nxe5 Bxe5 44. Rxh5+ Kg7 45. Rxe5 Kf6 46.
Re8 Kf7 47. Re5 Kf6 48. Re8 1/2-1/2

[Event "29th Czech Open A 2018"]
[Site "Pardubice CZE"]
[Date "2018.07.23"]
[Round "4.86"]
[White "Mertanen, Janne"]
[Black "Polak, Benedikt"]
[Result "1/2-1/2"]
[WhiteTitle "FM"]
[WhiteElo "2292"]
[BlackElo "2126"]
[WhiteFideId "501875"]
[BlackFideId "317012"]
[EventDate "2018.07.20"]

1. d4 Nf6 2. c4 g6 3. Nc3 d5 4. cxd5 Nxd5 5. Bd2 Nb6 6. Bg5 Bg7 7. e3 O-O 8. Rc1
h6 9. Bh4 N8d7 10. Nf3 c6 11. Be2 Qe8 12. a4 e5 13. a5 Nd5 14. Nxd5 cxd5 15. Bg3
Qd8 16. b4 exd4 17. Nxd4 a6 18. O-O Nf6 19. Bc7 Qe7 20. Qb3 Bg4 21. Bxg4 Nxg4
22. Qxd5 Nxe3 23. fxe3 Qxe3+ 24. Kh1 Qxd4 25. Qxb7 Ra7 26. Qf3 Qxb4 27. Bb6 Raa8
28. Rc7 Rac8 29. Rxc8 Rxc8 30. Qxf7+ Kh7 31. Qb7 Qb5 32. Re1 Rf8 33. Kg1 Qc4 34.
h3 Rf7 35. Qe4 1/2-1/2

[Event "29th Czech Open A 2018"]
[Site "Pardubice CZE"]
[Date "2018.07.23"]
[Round "4.87"]
[White "Head, Louise"]
[Black "Monnisha, G K"]
[Result "1-0"]
[WhiteTitle "WFM"]
[BlackTitle "WIM"]
[WhiteElo "2097"]
[BlackElo "2292"]
[WhiteFideId "424773"]
[BlackFideId "5009936"]
[EventDate "2018.07.20"]

1. d4 Nf6 2. c4 e6 3. Nf3 Nc6 4. a3 d6 5. Nc3 g6 6. e4 Bg7 7. Be3 O-O 8. h3 Re8
9. Be2 e5 10. d5 Nd4 11. O-O Nxe2+ 12. Qxe2 Nh5 13. c5 dxc5 14. Bxc5 Nf4 15. Qd1
f5 16. d6 c6 17. Qb3+ Kh8 18. Rfd1 b6 19. Be3 Be6 20. Qa4 b5 21. Qb4 a5 22. Qc5
Bd7 23. Bxf4 exf4 24. e5 g5 25. Re1 g4 26. hxg4 fxg4 27. Nd4 Qg5 28. Rac1 Rxe5
29. Qb6 Rae8 30. Rxe5 Bxe5 31. Nxc6 f3 32. Rd1 fxg2 33. Nxe5 Qxe5 34. Kxg2 b4
35. axb4 axb4 36. Qxb4 Bc6+ 37. Kg1 Qh5 38. Qd4+ Re5 39. Ne4 g3 40. Nxg3 Qf3 41.
Qxe5+ Kg8 42. Qe6+ Kh8 43. Qc8+ Kg7 44. Qxc6 1-0

[Event "29th Czech Open A 2018"]
[Site "Pardubice CZE"]
[Date "2018.07.23"]
[Round "4.88"]
[White "Claridge-Hansen, William"]
[Black "Murray, David"]
[Result "1-0"]
[WhiteTitle "FM"]
[WhiteElo "2291"]
[BlackElo "2112"]
[WhiteFideId "422509"]
[BlackFideId "2501511"]
[EventDate "2018.07.20"]

1. c4 e5 2. g3 Nf6 3. Bg2 c6 4. Nf3 e4 5. Nd4 d5 6. d3 Bb4+ 7. Bd2 Qb6 8. Bxb4
Qxb4+ 9. Qd2 Qxd2+ 10. Nxd2 exd3 11. exd3 O-O 12. O-O Nbd7 13. cxd5 cxd5 14. Nb5
Nc5 15. d4 Nce4 16. Nxe4 dxe4 17. Rfe1 Rd8 18. Bxe4 Nxe4 19. Rxe4 Bf5 20. Re5 g6
21. d5 Rd7 22. Nc3 Rc8 23. Rd1 Rc5 24. Rd4 Kg7 25. g4 Kf6 26. Re1 Bc2 27. Rd2 1-0

[Event "29th Czech Open A 2018"]
[Site "Pardubice CZE"]
[Date "2018.07.23"]
[Round "4.89"]
[White "Slovak, Kilian"]
[Black "Iliaguev, Daniel"]
[Result "1/2-1/2"]
[WhiteElo "2285"]
[BlackElo "2073"]
[WhiteFideId "365440"]
[BlackFideId "2818434"]
[EventDate "2018.07.20"]

1. e4 c5 2. Nf3 g6 3. d4 cxd4 4. Qxd4 Nf6 5. Nc3 Nc6 6. Qa4 d6 7. e5 Ng4 8. exd6
Qxd6 9. Bf4 Qc5 10. O-O-O Bg7 11. Nd5 O-O 12. b4 Nxb4 13. Nxb4 Qc3 14. Nd3 e5
15. Be3 b5 16. Qb4 Qa1+ 17. Kd2 Qxa2 18. h3 a5 19. Qb2 Qxb2 20. Nxb2 Nxe3 21.
fxe3 Rd8+ 22. Kc1 Rxd1+ 23. Nxd1 a4 24. Bxb5 a3 25. Nc3 Be6 26. Kd2 Rd8+ 27. Ke2
Rc8 28. Kd2 Bf8 29. Nxe5 Bb4 30. Nc6 Bxc3+ 31. Kxc3 Bd5 32. Ra1 Bxg2 33. Rxa3
Bxc6 34. Bxc6 Rxc6+ 35. Kd3 Kg7 36. c4 Kf6 37. Ra5 Ke6 38. Kd4 Rd6+ 39. Ke4 f5+
40. Kf4 h6 41. h4 Rc6 42. c5 1/2-1/2

[Event "29th Czech Open A 2018"]
[Site "Pardubice CZE"]
[Date "2018.07.23"]
[Round "4.90"]
[White "Mosesov, Danylo"]
[Black "Hesse, Henrik"]
[Result "1-0"]
[WhiteTitle "FM"]
[WhiteElo "2282"]
[BlackElo "2057"]
[WhiteFideId "14149494"]
[BlackFideId "12952060"]
[EventDate "2018.07.20"]

1. e4 e5 2. Bc4 d6 3. Nf3 Be7 4. O-O Nf6 5. Re1 O-O 6. c3 Bg4 7. h3 Bh5 8. d3 h6
9. Nbd2 Nh7 10. Qc2 Nc6 11. b4 Qd7 12. Nh2 Ng5 13. Ndf1 Ne6 14. Ng3 Bg6 15. Ng4
h5 16. Ne3 h4 17. Ngf5 Nf4 18. Qd1 Bh5 19. Ng4 g6 20. Nfe3 Kg7 21. Qd2 Bg5 22.
Nh2 f5 23. a4 Nxg2 24. Kxg2 f4 25. Qa2 f3+ 26. Kh1 Qxh3 27. Rg1 Bf4 28. Nf1 Bxc1
29. Be6 Qg2+ 30. Rxg2 fxg2+ 31. Kxg2 Bf4 32. Bg4 Rf6 33. Qe2 Kh6 34. Ne3 Raf8
35. Bxh5 gxh5 36. Nf5+ Kh7 37. Qxh5+ Bh6 38. Ng4 Rg8 39. Nxh6 1-0

[Event "29th Czech Open A 2018"]
[Site "Pardubice CZE"]
[Date "2018.07.23"]
[Round "4.91"]
[White "Jurek, Josef"]
[Black "Ludvik, Tomas"]
[Result "1/2-1/2"]
[WhiteTitle "IM"]
[WhiteElo "2277"]
[BlackElo "2048"]
[WhiteFideId "300993"]
[BlackFideId "367664"]
[EventDate "2018.07.20"]

1. c4 e6 2. g3 c5 3. Bg2 Nf6 4. Nf3 Nc6 5. O-O d5 6. cxd5 exd5 7. d4 Be7 8. Be3
cxd4 9. Nxd4 O-O 10. Nc3 Re8 11. Rc1 h6 12. Nxc6 bxc6 13. Na4 Bd7 14. Bc5 Bxc5
15. Nxc5 Bg4 16. Re1 Qa5 17. Qc2 Rab8 18. b3 Bh5 19. Na4 Rbc8 20. Nc5 Rc7 21. e3
Bg6 22. Qb2 h5 23. Red1 Qb6 24. Rd4 a5 25. Qc3 Rcc8 26. Ra4 Ra8 27. Rf4 Qd8 28.
Nb7 Qd7 29. Nxa5 Ne4 30. Qxc6 Qxc6 31. Nxc6 Rxa2 32. Nd4 Rea8 33. h4 1/2-1/2

[Event "29th Czech Open A 2018"]
[Site "Pardubice CZE"]
[Date "2018.07.23"]
[Round "4.92"]
[White "Milikow, Elie"]
[Black "Manush, Shah"]
[Result "1/2-1/2"]
[WhiteElo "2081"]
[BlackElo "2275"]
[WhiteFideId "371281868"]
[BlackFideId "5040680"]
[EventDate "2018.07.20"]

1. e4 c6 2. d4 d5 3. e5 Bf5 4. h4 h5 5. Nc3 e6 6. Be3 Nd7 7. Bd3 Ne7 8. Nf3 Bxd3
9. Qxd3 Nf5 10. Ne2 c5 11. c3 Rc8 12. Bg5 Qb6 13. O-O Qa6 14. Qxa6 bxa6 15. a3
c4 16. Rfb1 f6 17. exf6 gxf6 18. Bf4 Rh7 19. g3 Nb6 20. a4 a5 21. b4 cxb3 22.
Rxb3 Rc4 23. Nd2 Rxa4 24. Rxa4 Nxa4 25. Rb8+ Kf7 1/2-1/2

[Event "29th Czech Open A 2018"]
[Site "Pardubice CZE"]
[Date "2018.07.23"]
[Round "4.93"]
[White "Kutynec, Vladimir"]
[Black "Harshini, A"]
[Result "1/2-1/2"]
[WhiteTitle "IM"]
[BlackTitle "WFM"]
[WhiteElo "2273"]
[BlackElo "2037"]
[WhiteFideId "4119843"]
[BlackFideId "25008986"]
[EventDate "2018.07.20"]

1. Nf3 Nf6 2. c4 g6 3. Nc3 d5 4. cxd5 Nxd5 5. e4 Nxc3 6. dxc3 Qxd1+ 7. Kxd1 Bg7
8. Bf4 c6 9. Kc2 O-O 10. Bc4 Nd7 11. a4 Nc5 12. Nd2 Ne6 13. Be3 Rd8 14. g4 Nc7
15. h3 e5 16. Bg5 Re8 17. f3 Ne6 18. h4 h6 19. Be3 Bf8 20. a5 Kg7 21. b4 Be7 22.
Nb3 Rd8 23. Rh2 Bd7 24. Nc5 Nxc5 25. Bxc5 Bxc5 26. bxc5 Be6 27. Bxe6 fxe6 28. a6
Rd7 29. Rd2 Rad8 30. Rd6 Rxd6 31. cxd6 b6 32. Rd1 Kf7 33. c4 Ke8 34. c5 bxc5 35.
Rb1 Rxd6 36. Rb7 Rd7 37. Kc3 Kd8 38. Rb8+ Kc7 39. Rg8 Rf7 40. Rxg6 Rxf3+ 41. Kc4
Kb6 42. Rxh6 Rf4 43. g5 Rxe4+ 44. Kc3 Rg4 45. g6 e4 46. h5 Rg3+ 47. Kc4 e3 48.
Rh7 e2 49. Rb7+ Kxa6 50. Rb1 Rg5 51. Re1 Rxh5 52. Rxe2 Rg5 53. Rxe6 Kb6 54. Kd3
Rg4 55. Ke3 c4 56. Kf3 Rg1 57. Kf2 Rg5 58. Ke3 a5 59. Kd4 Rg4+ 60. Re4 Rxg6 61.
Kxc4 Rg5 62. Rh4 Rc5+ 63. Kb3 Kb5 64. Rh8 a4+ 65. Kb2 Kb4 66. Rb8+ Rb5 67. Ra8
c5 68. Ra7 Rb8 69. Ka2 Kc3 70. Rh7 Rd8 71. Ka3 Rd4 72. Rh5 c4 73. Kxa4 Kc2 74.
Ka3 c3 75. Rh2+ Rd2 76. Rh1 Re2 77. Ka2 Rg2 78. Ka3 Rd2 79. Ka2 Re2 80. Ka3 Re7
81. Rh2+ Kb1 82. Rh1+ Kc2 83. Rh2+ Kb1 84. Rh1+ Kc2 85. Rh2+ Kd1 86. Kb3 c2 87.
Rh1+ Kd2 88. Rh2+ Kd3 89. Rh3+ Re3 90. Rxe3+ Kxe3 91. Kxc2 1/2-1/2

[Event "29th Czech Open A 2018"]
[Site "Pardubice CZE"]
[Date "2018.07.23"]
[Round "4.94"]
[White "Fisar, Josef"]
[Black "Kenneskog, Theodor"]
[Result "0-1"]
[BlackTitle "FM"]
[WhiteElo "2073"]
[BlackElo "2273"]
[WhiteFideId "322040"]
[BlackFideId "1715011"]
[EventDate "2018.07.20"]

1. e4 c5 2. Nf3 d6 3. Bb5+ Nd7 4. a4 Nf6 5. Nc3 g6 6. d4 cxd4 7. Qxd4 Bg7 8. Nd5
O-O 9. Nxf6+ Nxf6 10. O-O Nd7 11. Qe3 a6 12. Be2 Qc7 13. c3 b6 14. Nd2 Bb7 15.
Bc4 e6 16. Qe2 Nc5 17. f3 d5 18. exd5 exd5 19. Bb3 Rfe8 20. Qd1 Nd3 21. Bc2 Qc5+
22. Kh1 Nf2+ 23. Rxf2 Qxf2 0-1

[Event "29th Czech Open A 2018"]
[Site "Pardubice CZE"]
[Date "2018.07.23"]
[Round "4.95"]
[White "Kopylov, Daniel"]
[Black "Rakshitta, Ravi"]
[Result "0-1"]
[WhiteElo "2272"]
[BlackElo "2026"]
[WhiteFideId "12921971"]
[BlackFideId "25073230"]
[EventDate "2018.07.20"]

1. d4 Nf6 2. c4 e6 3. Nf3 d5 4. g3 Be7 5. Bg2 O-O 6. O-O dxc4 7. Qa4 a6 8. Qxc4
b5 9. Qc2 Bb7 10. Bd2 Bd6 11. Rd1 Be4 12. Qc1 Bb7 13. Nc3 Nbd7 14. Bf4 Rc8 15.
Ne5 Bxg2 16. Kxg2 b4 17. Na4 Nd5 18. Nc5 Bxe5 19. Bxe5 Nxe5 20. dxe5 Qe7 21.
Nxa6 c5 22. e4 Nb6 23. Rd6 Qb7 24. Nxc5 Qa7 25. Qc2 h6 26. Rc1 Na4 27. Qxa4 Qxa4
28. Nxa4 Rxc1 29. Rb6 Rc4 30. Kf3 Rd8 31. b3 Rc2 32. Rxb4 h5 33. Nb6 Rd3+ 34.
Kf4 Rxf2+ 35. Kg5 Rxh2 36. a4 Rxg3+ 37. Kf4 h4 0-1

[Event "29th Czech Open A 2018"]
[Site "Pardubice CZE"]
[Date "2018.07.23"]
[Round "4.96"]
[White "Machlik, Edit"]
[Black "Nazaryev, Sergey"]
[Result "0-1"]
[WhiteElo "2046"]
[BlackElo "2269"]
[WhiteFideId "1513591"]
[BlackFideId "4114191"]
[EventDate "2018.07.20"]

1. d4 Nf6 2. c4 d6 3. Nc3 g6 4. e4 Bg7 5. f4 c5 6. d5 O-O 7. Nf3 e6 8. dxe6 Bxe6
9. Bd3 Bg4 10. O-O Nc6 11. h3 Bxf3 12. Qxf3 a6 13. Be3 Ne8 14. Rad1 Bd4 15. a3
Nc7 16. Bxd4 Nxd4 17. Qf2 f6 18. h4 f5 19. h5 Qf6 20. g3 Rae8 21. Rde1 Kg7 22.
Kg2 b5 23. Qd2 Qf7 24. b4 bxc4 25. Bb1 Qf6 26. Ba2 Ndb5 27. Nxb5 axb5 28. h6+
Kf7 29. bxc5 dxc5 30. e5 Qc6+ 31. Kh3 Ra8 32. Qc3 Ne6 33. Rd1 Rfd8 34. Rxd8 Nxd8
35. Rd1 Ne6 36. Kh2 Nd4 37. Bxc4+ bxc4 38. Qxc4+ Ne6 39. Rd6 Qc8 40. Qd5 Ra7 41.
Rc6 Rc7 42. Qxe6+ Qxe6 43. Rxc7+ Ke8 44. Rxc5 Qa2+ 45. Kh3 Qxa3 46. Rc8+ Kf7 47.
Rc7+ Ke6 48. Rxh7 Qf3 49. Kh2 Qg4 50. Kg2 g5 51. Rg7 Qe2+ 52. Kg1 gxf4 53. gxf4
Qe3+ 54. Kg2 Qxf4 55. h7 Qe4+ 56. Kf2 Qc2+ 57. Kf3 Qd3+ 58. Kf2 Kxe5 59. Kg1
Qe3+ 60. Kf1 Qh3+ 61. Kf2 Qh2+ 62. Kf1 Ke4 63. Re7+ Kf3 64. Ke1 f4 65. Kd1 Qh1+
66. Kd2 Qh4 67. Kd1 Qh6 68. Rf7 Qd6+ 69. Kc1 Qd8 70. Rd7 Qh8 71. Kd2 Kg3 72. Rf7
f3 73. Ke3 Kg2 74. Rxf3 Qxh7 0-1

[Event "29th Czech Open A 2018"]
[Site "Pardubice CZE"]
[Date "2018.07.23"]
[Round "4.97"]
[White "Khmelev, Mikhail"]
[Black "Suleymanli, Aydin"]
[Result "0-1"]
[BlackTitle "FM"]
[WhiteElo "1972"]
[BlackElo "2266"]
[WhiteFideId "24175641"]
[BlackFideId "13413937"]
[EventDate "2018.07.20"]

1. e4 c6 2. d4 d5 3. Nd2 dxe4 4. Nxe4 Nd7 5. Bc4 e6 6. Nf3 Ngf6 7. Nxf6+ Nxf6 8.
O-O Be7 9. Bg5 O-O 10. c3 b6 11. Qe2 Bb7 12. Rad1 Rc8 13. Rfe1 Nd5 14. Bxe7 Qxe7
15. Qe4 Rfd8 16. Bd3 g6 17. Qg4 c5 18. dxc5 Nf6 19. Qg3 Rxc5 20. Nd4 Nh5 21. Qe3
Nf6 22. Qg3 a6 23. Nf5 Rxf5 24. Bxf5 Rxd1 25. Rxd1 exf5 26. Qe3 Qxe3 27. fxe3
Nd5 28. Kf2 b5 29. a4 bxa4 30. c4 Nb4 31. g3 Be4 32. Ke2 Kf8 33. Kd2 Ke7 34. Ra1
Bc2 35. Kc3 a5 36. Rf1 Kd6 37. Rf4 Be4 38. Rf2 Kc5 0-1

[Event "29th Czech Open A 2018"]
[Site "Pardubice CZE"]
[Date "2018.07.23"]
[Round "4.98"]
[White "Elgersma, Simon"]
[Black "Danek, Pavel"]
[Result "1-0"]
[WhiteElo "2263"]
[BlackElo "1904"]
[WhiteFideId "1046101"]
[BlackFideId "312410"]
[EventDate "2018.07.20"]

1. e4 e6 2. d4 d5 3. Nc3 dxe4 4. Nxe4 Nd7 5. Nf3 Be7 6. Bd3 h6 7. Be3 Ngf6 8.
Nxf6+ Nxf6 9. Qe2 Nd5 10. Bd2 c6 11. O-O-O Qc7 12. Kb1 Nf4 13. Bxf4 Qxf4 14. Ne5
Bd6 15. g3 Qf6 16. f4 Bd7 17. Be4 O-O-O 18. Nc4 Bc7 19. a4 Kb8 20. a5 a6 21. Qe3
Bc8 22. Rd3 g5 23. Rhd1 gxf4 24. Qf3 e5 25. d5 Bd6 26. dxc6 Bc7 27. cxb7 Be6 28.
Nd6 Rxd6 29. Rxd6 Bxd6 30. b3 Bc7 31. Qe2 Bf5 32. Bxf5 Bxa5 33. Bh3 f3 34. Qc4
Bc7 35. Qe4 f2 36. Qe2 Bb6 37. Qg4 Kxb7 38. Bg2+ Kb8 39. Qe4 Qe7 40. Qa8+ 1-0

[Event "29th Czech Open A 2018"]
[Site "Pardubice CZE"]
[Date "2018.07.23"]
[Round "4.99"]
[White "Cerny, David"]
[Black "Maltsevskaya, Aleksandra"]
[Result "0-1"]
[WhiteElo "1962"]
[BlackElo "2261"]
[WhiteFideId "369551"]
[BlackFideId "24174041"]
[EventDate "2018.07.20"]

1. e4 c6 2. d4 d5 3. e5 Bf5 4. Nc3 e6 5. g4 Bg6 6. Nge2 c5 7. h4 h5 8. Nf4 Bh7
9. Nxh5 Nc6 10. dxc5 Qc7 11. Bf4 a6 12. Bd3 O-O-O 13. Bxh7 Rxh7 14. Qd3 g6 15.
Ng3 Bxc5 16. O-O-O Nxe5 17. Qe2 Nd3+ 18. Rxd3 Qxf4+ 19. Kb1 Qxf2 20. Qd1 Be7 21.
Rf1 Qb6 22. h5 gxh5 23. Nxh5 Bg5 24. Na4 Qa5 25. b3 f6 26. Qe2 e5 27. Ng3 Rc7
28. Qf2 d4 29. Qf5+ Kb8 30. c4 b5 31. Nb2 Ne7 32. Qe6 Nc6 33. cxb5 axb5 34. a4
Rdc8 35. Ne4 bxa4 36. Nc4 Qb4 37. Ncd6 Nd8 38. Qd5 Rc1+ 39. Rxc1 Rxc1+ 40. Ka2
Rc2+ 0-1

[Event "29th Czech Open A 2018"]
[Site "Pardubice CZE"]
[Date "2018.07.23"]
[Round "4.100"]
[White "Petr, Martin"]
[Black "Ungurs, Edgars"]
[Result "1-0"]
[WhiteTitle "GM"]
[WhiteElo "2456"]
[BlackElo "2191"]
[WhiteFideId "318299"]
[BlackFideId "11601205"]
[EventDate "2018.07.20"]

1. e4 c6 2. Be2 d5 3. e5 c5 4. f4 Nc6 5. c3 Nh6 6. Na3 e6 7. Nf3 Be7 8. O-O Qb6
9. Kh1 Bd7 10. Nc2 O-O 11. d4 a5 12. Be3 a4 13. dxc5 Bxc5 14. Bxc5 Qxc5 15. Bd3
f6 16. Qe2 Rae8 17. a3 Re7 18. Ncd4 Qb6 19. Qc2 f5 20. Rg1 Kh8 21. h3 Na5 22.
Rab1 Ree8 23. Qe2 Nc6 24. b3 axb3 25. Rxb3 Qa7 26. Rgb1 Na5 27. Rb6 Rc8 28. Qe1
Rfe8 29. Ng5 Rc6 30. Nxc6 bxc6 31. Qg1 1-0

[Event "29th Czech Open A 2018"]
[Site "Pardubice CZE"]
[Date "2018.07.23"]
[Round "4.101"]
[White "Gagliardi, Cristian"]
[Black "Domogaev, Sergey"]
[Result "0-1"]
[BlackTitle "GM"]
[WhiteElo "2190"]
[BlackElo "2414"]
[WhiteFideId "810665"]
[BlackFideId "24103608"]
[EventDate "2018.07.20"]

1. d4 Nf6 2. Bf4 g6 3. Nc3 Bg7 4. e4 d6 5. Qd2 c6 6. Bh6 Bxh6 7. Qxh6 Qa5 8. Qd2
Nbd7 9. Nf3 b5 10. Bd3 O-O 11. O-O e5 12. Rfe1 Kg7 13. a4 b4 14. Ne2 c5 15. c3
Rb8 16. Qc2 Bb7 17. Ng3 Rfc8 18. d5 c4 19. Bf1 Ba6 20. Qd2 Nc5 21. Nf5+ gxf5 22.
Qg5+ Kf8 23. Qxf6 Qd8 24. Qh6+ Ke7 25. exf5 Kd7 26. Rxe5 Qf8 27. Qxf8 Rxf8 28.
Re3 bxc3 29. bxc3 Rfe8 30. Nd4 Rxe3 31. fxe3 Re8 32. Re1 Nxa4 33. Nc6 Kc7 34.
Ra1 Nc5 35. Kf2 Ne4+ 36. Kf3 Kb6 37. Rb1+ Bb5 38. Kf4 Nxc3 0-1

[Event "29th Czech Open A 2018"]
[Site "Pardubice CZE"]
[Date "2018.07.23"]
[Round "4.102"]
[White "Gorbatov, Alexej"]
[Black "Simet, Martin"]
[Result "1-0"]
[WhiteTitle "IM"]
[BlackTitle "FM"]
[WhiteElo "2409"]
[BlackElo "2182"]
[WhiteFideId "4111834"]
[BlackFideId "377244"]
[EventDate "2018.07.20"]

1. c4 e5 2. g3 Nf6 3. Bg2 d5 4. cxd5 Nxd5 5. Nc3 Nb6 6. d3 Be7 7. Be3 O-O 8. Rc1
Nc6 9. Nf3 Re8 10. O-O Bf8 11. a3 Bg4 12. h3 Bh5 13. Ne4 Nd4 14. Bxd4 exd4 15.
Nc5 Rb8 16. Nb3 Qe7 17. Rc5 Bxf3 18. Bxf3 c6 19. Ra5 Qf6 20. Rxa7 Nd7 21. Qd2
Bd6 22. Rc1 Qe6 23. Nxd4 Qxh3 24. Ra5 Ne5 25. Bg2 Qg4 26. Nf3 Rbd8 27. Qg5 Nxf3+
28. Bxf3 Qd4 29. Rc2 Bc7 30. Rac5 Bb6 31. R2c4 Qd6 32. Rf5 Re6 33. Qf4 Qf8 34.
Rb4 c5 35. Re4 Red6 36. Rfe5 Bc7 37. Qe3 1-0

[Event "29th Czech Open A 2018"]
[Site "Pardubice CZE"]
[Date "2018.07.23"]
[Round "4.103"]
[White "Hoefelsauer, Thomas"]
[Black "Berzina, Ilze"]
[Result "1/2-1/2"]
[WhiteTitle "FM"]
[BlackTitle "WGM"]
[WhiteElo "2361"]
[BlackElo "2173"]
[WhiteFideId "24668842"]
[BlackFideId "11601345"]
[EventDate "2018.07.20"]

1. Nf3 d5 2. c4 c6 3. g3 Nf6 4. Bg2 Bf5 5. O-O e6 6. cxd5 exd5 7. d3 Be7 8. Qb3
Qb6 9. Qc2 O-O 10. Nc3 Na6 11. e4 Bg4 12. Be3 Nb4 13. Qd2 Qa6 14. e5 Nd7 15. d4
Qd3 16. h3 Qxd2 17. Nxd2 Bf5 18. g4 Bd3 19. Rfd1 Nc2 20. Rac1 Nxe3 21. fxe3 Bg5
22. Kf2 Bh4+ 23. Kg1 Bg5 24. Kf2 Bh4+ 1/2-1/2

[Event "29th Czech Open A 2018"]
[Site "Pardubice CZE"]
[Date "2018.07.23"]
[Round "4.104"]
[White "Polyakov, Fedor"]
[Black "Cerveny, Martin"]
[Result "0-1"]
[BlackTitle "IM"]
[WhiteElo "2165"]
[BlackElo "2359"]
[WhiteFideId "11602953"]
[BlackFideId "321141"]
[EventDate "2018.07.20"]

1. d4 d6 2. c4 e5 3. d5 f5 4. Nc3 Nf6 5. Bg5 Be7 6. Bxf6 Bxf6 7. e4 Na6 8. Bd3
Nc5 9. Bc2 a5 10. a3 O-O 11. Nf3 g6 12. O-O Bg7 13. b4 Nxe4 14. Nxe4 fxe4 15.
Bxe4 Bg4 16. Rb1 axb4 17. axb4 Rf4 18. Qd3 Qe7 19. c5 Ra2 20. cxd6 cxd6 21. Ra1
Bxf3 22. Rxa2 Bxe4 23. Ra8+ Bf8 24. Qd2 Qf7 25. Rd1 Rg4 26. f3 Qxf3 27. g3 Qh1+
28. Kf2 Qxh2+ 29. Kf1 Qh3+ 30. Ke2 Qg2+ 31. Ke1 Qg1+ 32. Ke2 Bf3+ 33. Kxf3 Qxg3+
34. Ke2 Qg2+ 35. Kd3 Qe4+ 36. Kc3 Qxb4+ 37. Kd3 Qc4+ 0-1

[Event "29th Czech Open A 2018"]
[Site "Pardubice CZE"]
[Date "2018.07.23"]
[Round "4.105"]
[White "Tate, Alan"]
[Black "Roenko, Artur"]
[Result "0-1"]
[WhiteTitle "FM"]
[WhiteElo "2352"]
[BlackElo "2162"]
[WhiteFideId "2401878"]
[BlackFideId "14136732"]
[EventDate "2018.07.20"]

1. Nf3 d5 2. e3 Nf6 3. c4 e6 4. b3 c5 5. Bb2 Nc6 6. cxd5 exd5 7. Bb5 Bd7 8. O-O
Bd6 9. d4 cxd4 10. Nxd4 O-O 11. Nxc6 bxc6 12. Bd3 Ng4 13. h3 Qh4 14. Nd2 Nf6 15.
Nf3 Qh5 16. Ne5 Qh6 17. Rc1 Rac8 18. Nxd7 Nxd7 19. Bf5 Rc7 20. g3 Ne5 21. Kg2
Rd8 22. Bb1 Ng6 23. f4 Nf8 24. Qf3 Ne6 25. g4 Nc5 26. Bf5 g6 27. b4 Na4 28. Bf6
Rb8 29. Bc2 Rxb4 30. Rb1 Nb6 31. Rxb4 Bxb4 32. f5 Nc4 33. g5 Qh4 34. fxg6 hxg6
35. Rb1 Nd2 36. Rxb4 Qxb4 37. Qg3 Rc8 38. Qe5 Qc4 39. Bxg6 Qe2+ 40. Kg3 Qe1+ 41.
Kg4 Qd1+ 42. Kg3 Qg1+ 43. Kf4 Qh2+ 0-1

[Event "29th Czech Open A 2018"]
[Site "Pardubice CZE"]
[Date "2018.07.23"]
[Round "4.106"]
[White "Eriksson, Christian Altenburg"]
[Black "Fataliyeva, Ulviyya"]
[Result "1/2-1/2"]
[BlackTitle "WGM"]
[WhiteElo "2159"]
[BlackElo "2344"]
[WhiteFideId "1412159"]
[BlackFideId "13403052"]
[EventDate "2018.07.20"]

1. e4 e6 2. d4 d5 3. Nd2 c5 4. exd5 exd5 5. Ngf3 a6 6. dxc5 Bxc5 7. Bd3 Nf6 8.
O-O O-O 9. Nb3 Bb6 10. h3 Nc6 11. c3 Re8 12. Re1 h6 13. Nbd4 Bd7 14. Rxe8+ Qxe8
15. Be3 Bc7 16. Bc2 Rd8 17. Qd3 Ne5 18. Nxe5 Qxe5 19. Nf3 Qh5 20. Bd4 Ne4 21.
Nh2 Bf4 22. Qf3 Bxh2+ 23. Kxh2 Qxf3 24. gxf3 Nd6 25. Bb3 Be6 26. Bb6 Rc8 27. Rd1
Nc4 28. Bxc4 Rxc4 29. Bd4 f6 30. h4 a5 31. b3 Rc6 32. a3 Bf5 33. Re1 Kf7 34. b4
axb4 35. axb4 Ra6 36. Bc5 Be6 37. Kg3 Ra3 38. Bd4 b5 39. Kf4 g5+ 40. hxg5 fxg5+
41. Kg3 Ra6 42. f4 g4 43. Re5 Kg6 44. f5+ Bxf5 45. Rxd5 Be4 46. Rxb5 Bf3 47. Be3
Rc6 48. Bd4 Re6 49. Be5 h5 50. Rc5 Re7 51. Ra5 Rf7 52. c4 Be2 53. c5 Kh7 54. Kg2
Rf3 55. c6 Rh3 56. Bh2 Rd3 57. Ra1 Bf3+ 58. Kf1 Bxc6 59. Ra6 Rd6 60. Bxd6 Bb5+ 1/2-1/2